000 01063 a2200217 4500
005 20080912110358.0
008 080912t xxu||||| |||| 00| 0 hin d
010 _aHIN-79810
020 _a8188915017
_c275.00
035 _aHN-52156
037 _bD.B.Act / pub
082 _a363.73
100 _aशर्मा, कुलदीप
245 _aप्रदूषण-कैसे कैसे
_cकुलदीप शर्मा
246 _aPardooshan Kaise-Kaise
_bby Kuldeep Sharma
260 _aदिल्ली
_bपूनम पुस्तक भवन
_c2006
270 _a79, चंदु पार्क, गली नं.20,
_bदिल्ली
_e110051
300 _a264पृ.
_b(सचित्र)
_c22 सेमी (सजिल्द)
942 _adpl
_cHN
_k363.73 / शर्माकु
_2ddc
_h363.73
_m शर्माकु
999 _c3821
_d3821